[Event "Barcelona Primavera La Lira op 7th"]
[Site "Barcelona"]
[Date "2014.04.10"]
[Round "2"]
[White "Guardia Cerda, Ricardo"]
[Black "Rojas Farreras, Josep"]
[Result "0-1"]
[WhiteElo "1700"]
[BlackElo "1618"]
[PlyCount "100"]
[EventDate "2014.04.03"]
[EventType "swiss"]
[EventRounds "9"]
[EventCountry "ESP"]
[SourceTitle "EXT 2015"]
[Source "ChessBase"]
[SourceDate "2014.11.20"]
[SourceVersion "1"]
[SourceVersionDate "2014.11.20"]
[SourceQuality "1"]

1. e4 Nf6 2. e5 Nd5 3. d4 d6 4. Nf3 Bg4 5. c4 Nb6 6. Be2 Nc6 7. e6 fxe6 8. Ng5 Bxe2 9. Qxe2 Nxd4 10. Qe4 e5 11. 0-0 Qd7 12. Be3 Qc6 13. Qd3 Qxc4 14. Qd1 Nf5 15. Nc3 h6 16. Nf3 Nxe3 17. fxe3 0-0-0 18. Rc1 Qe6 19. Qc2 Kb8 20. Nb5 c6 21. Nc3 g5 22. Ne4 Bg7 23. b4 d5 24. Nc5 Qd6 25. a4 e4 26. Nd2 Nd7 27. a5 Nxc5 28. bxc5 Qc7 29. a6 bxa6 30. Qa4 Ka8 31. Rb1 Rb8 32. Nb3 Rb5 33. Nd4 Rxb1 34. Rxb1 Bxd4 35. Qxd4 e5 36. Qa1 a5 37. Rf1 Rb8 38. Rf5 Rb5 39. g4 Rxc5 40. Rf8+ Kb7 41. Qf1 Kb6 42. Rf7 Rc1 43. Qxc1 Qxf7 44. Qb2+ Ka6 45. Qc3 Qb7 46. Qxe5 a4 47. Kf1 a3 48. Qd4 Qb1+ 49. Ke2 Qb2+ 50. Qxb2 axb2 0-1